000 00482nam a2200169Ia 4500
999 _c13954
_d13954
003 OSt
005 20201005141635.0
008 190216s9999||||xx |||||||||||||| ||und||
040 _coclc
082 _a843.8
_bVER/J
100 _aVerne, Jules
_994
245 0 _aJourney To The Centre Of The Earth /
_cJules Verne
260 _bWordsworth Editions Ltd,
_c1996.
_aLondon:
300 _a185p
650 _aNovel
942 _cBK
_2ddc
_h843.8
_iVER/J
_k843.8
_mVER/J